000
00326nam a2200145Ia 4500
008
230711s9999||||xx |||||||||||||| ||und||
041
_a
ENG
082
_a
621
_b
SH-N
100
_a
Shastri
245
0
_a
Noise pollution
250
_a
1st
260
_c
1990
_a
New Delhi
_b
Common Wealth
650
_a
Civil Engineering
942
_c
BK
999
_c
602
_d
602